Úvod do algebry /

Hlavní autor: Demlová, Marie, 1949-
Korporativní autor: České vysoké učení technické v Praze. Elektrotechnická fakulta
Další autoři: Pondělíček, Bedřich, 1932-2001
Jazyk: Čeština
Vydáno: Praha : České vysoké učení technické, 1997
Vydání: Dot. 1. vyd.
Témata:
Fyzický popis: 213 s. ; 30 cm
Knihy
Uloženo v:
LEADER 01133nam a2200289 a 4500
001 000252633
003 CZ BrMZK
005 19970103143423.0
008 980108s1997 xr f cze d
015 |a cnb000111301 
020 |a 80-01-01408-8 
035 |a (OCoLC)36507531 
040 |a BOA001  |b cze 
080 |a 512(075.8)  |2 MRF 
100 1 |a Demlová, Marie,  |d 1949-  |7 jk01022201  |4 aut 
245 1 0 |a Úvod do algebry /  |c Marie Demlová, Bedřich Pondělíček 
250 |a Dot. 1. vyd. 
260 |a Praha :  |b České vysoké učení technické,  |c 1997 
300 |a 213 s. ;  |c 30 cm 
500 |a Určeno pro posl. fak. elektrotechn. Čes. vys. učení techn. v Praze 
653 0 |a algebra 
700 1 |a Pondělíček, Bedřich,  |d 1932-2001  |7 jk01100558  |4 aut 
710 2 |a České vysoké učení technické v Praze.  |b Elektrotechnická fakulta  |7 kn20010710175 
910 |a BOA001  |b TK-A-0262.232 
990 |a BK 
996 7 |b 2620009002  |c TK-A-0262.232  |l MZK  |r Sklad / do 24 hodin  |n 5  |p kup  |w 000252633  |u 000010  |a 1  |e BOA001  |j MZK50  |s A 
996 7 |b 2620009003  |c TK-A-0262.232  |l MZK  |r Sklad / do 24 hodin  |n 3  |p kup  |w 000252633  |u 000020  |a 1  |e BOA001  |j MZK50  |s A